| Поле | Название | Значение |
| |
Тип записи |
i |
| |
Библиографический уровень |
m |
| 001 |
Контрольный номер |
RU/IS/BASE/418308916 |
| 005 |
Дата корректировки |
20260515152957.6 |
| 010 |
Индекс ISBN |
__ |
| d |
Цена |
275-40 |
| 101 |
Язык документа |
0_ |
| a |
Язык текста |
rus |
| 200 |
Заглавие и сведения об ответственности |
1_ |
| a |
Заглавие |
Восемь бусин на тонкой ниточке |
| e |
Сведения, относящиеся к заглавию |
[роман : аудиокнига] |
| f |
Первые сведения об ответственности |
Елена Михалкова ; [читает Елена Калабина] |
| b |
Общее обозначение материала |
Звукозапись |
| 210 |
Выходные данные |
1_ |
| a |
Место издания |
М. |
| c |
Издательство |
Аудиокнига |
| d |
Дата издания |
2012 |
| 215 |
Физическое описание |
__ |
| a |
Объем |
1 электрон. опт. диск (Audio CD) (10 ч. 30 м.) |
| 225 |
Серия |
2_ |
| a |
Серия |
Мастера детектива |
| 300 |
Общие примечания |
__ |
| a |
Общие примечания |
128 kbps ; CD-плеер с поддержкой MP3 или Pentium-233 с Windows 9x-XP ; CD-ROM ; звуковая карта |
| 323 |
Примечание о главных создателях, исполнителях, участниках |
__ |
| a |
Примечание о главных создателях, исполнителях, участниках |
Калабина, Е. (читает) |
| 330 |
Аннотация |
__ |
| a |
Аннотация |
В загородном доме вдовы собралась необычная компания. Каждый надеется получить деньги выжившей из ума старухи. Семь человек столкнутся между собой в отчаянной схватке за наследство. Один из них притворяется не тем, кто он на самом деле. Второй хочет сбежать, но не может. А третий готовит убийство. Маша Успенская, попавшая в клубок интриг, подозревает, что у этого спектакля есть кукловод. Он перебирает их жизни, точно играет бусинками. Сможет ли она узнать его до того, как опустится занавес? |
| 333 |
Примечание о целевом назначении |
__ |
| a |
Примечание о целевом назначении |
16+. Для детей старше 16 лет |
| 517 |
Другие варианты заглавия |
1_ |
| a |
Другие варианты заглавия |
8 бусин на тонкой ниточке |
| 606 |
Тематические рубрики |
__ |
| a |
Основная рубрика |
Художественная литература |
| 606 |
Тематические рубрики |
__ |
| a |
Основная рубрика |
Современная русская литература (произведения) |
| 610 |
Ключевые слова |
0_ |
| a |
Ключевые слова |
романы; детективные романы; женские детективы; детективы; тема преступлений; тема приключений; тема расследований; тема загадок; тема тайн; тема интриг |
| 686 |
Индексы других классификаций |
__ |
| a |
Классификационный индекс |
84(2=411.2)6-445я04; ст84(2Рос=Рус)6-445я0 |
| 700 |
Автор |
_1 |
| a |
Фамилия |
Михалкова |
| b |
Имя |
Е. И. |
| g |
Полное личное имя |
Елена Ивановна |
| 4 |
Код отношения |
070 |
| 801 |
Источник записи |
_0 |
| a |
Страна |
RU |
| b |
Организация |
Муниципальное бюджетное учреждение культуры "Централизованная библиотечная система" г. Сургут (Центральная городская библиотека им. А. С. Пушкина) |
| g |
Правила каталогизации |
КиК/Апакова |
| 801 |
Источник записи |
_1 |
| a |
Страна |
RU |
| b |
Организация |
Муниципальное бюджетное учреждение культуры "Централизованная библиотечная система" г. Сургут (Центральная городская библиотека им. А. С. Пушкина) |
| g |
Правила каталогизации |
КиК/Апакова |
| 852 |
Данные о местонахождении |
__ |
| j |
Шифр хранения |
84(2=411.2)6-445я04 |
| i |
Авторский знак |
М 69 |
| 901 |
Тип документа |
__ |
| t |
Тип документа |
0 |
| 903 |
Характеристики (МАРС) |
__ |
| a |
Дата передачи |
20130403 |
| 969 |
Тип издания |
__ |
| a |
Тип издания |
аудиокнига; издание для слепых |
| 990 |
Данные о заказе (DOS) |
__ |
| j |
Количество экземпляров (DOS) |
8 |
| h |
N записи в КСУ для Б/У (DOS) |
201304 |